Największe Piłkarskie Miasta Europy - Statystyki

Ogólne statystyki
  • Ten quiz został rozwiązany 131 razy
  • Średni wynik to 5 z 11
Statystyki odpowiedzi
Liczba klubów
w najwyżsaej lidze
Miasto % Poprawnych
5 Londyn
96%
3 Madryt
93%
4 Moskwa
61%
4 Praga
47%
5 Stambuł
46%
4 Ateny
45%
3 Lizbona
45%
5 Budapeszt
41%
6 Belgrad
40%
3 Sztokholm
31%
5 Rejkiawik
0%
Nie znaleziono quizów pasujących do podanych kryteriów
Rozkład punktacji
Procent ludzi z każdym wynikiem
Percentyl według liczby udzielonych odpowiedzi
Twoja historia wyników
Nie rozwiązałeś tego quizu